Mapuches III : La vida en la ciudad /

La problemática de ser mapuche en la ciudad. Las respuestas a esas problemáticas por parte de diferentes jóvenes que hoy, en Bariloche y en Neuquén, buscan revalorizar su origen a través de diferentes emprendimientos: radios, publicaciones, música, así como también recuperar la lengua y el arte que...

Descripción completa

Guardado en:
Autor Principal: Rousso, Julián
Autor Corporativo: Canal Encuentro.
Formato: Deslizar
Publicado: Argentina, 2007
Series:Pueblos Originarios I
Materias:
Acceso en línea:https://www.educ.ar/recursos/50519/mapuches-iii-la-vida-en-la-ciudad
Etiquetas: Agregar Etiqueta
Sin Etiquetas, Sea el primero en etiquetar este registro!
LEADER 01243ngm a22003015g 4500
001 CEM.cems023995
008 130507s2007##################0###0#####d
005 20250804201600.0
245 1 0 |a Mapuches III :  |b La vida en la ciudad /  |c Julián Rousso. 
260 |a Argentina,  |c 2007 
300 |a 28'. 
490 0 |a Pueblos Originarios I 
500 |a Consultar en ventanilla. 
538 |a Soporte: DVD - Grabación DRD 
520 |a La problemática de ser mapuche en la ciudad. Las respuestas a esas problemáticas por parte de diferentes jóvenes que hoy, en Bariloche y en Neuquén, buscan revalorizar su origen a través de diferentes emprendimientos: radios, publicaciones, música, así como también recuperar la lengua y el arte que les fueron negados durante tantos años. 
100 1 |a Rousso, Julián 
710 2 |a Canal Encuentro. 
082 3 0 |/ ROU-1 
653 |a SOCIEDAD 
653 |a PUEBLOS ORIGINARIOS 
653 |a ABORIGENES 
653 |a INDIGENAS 
653 |a INDIGENISMO 
653 |a ETNIAS 
653 |a MAPUCHES 
653 |a SERIE DE TELEVISIÓN 
856 |u https://www.educ.ar/recursos/50519/mapuches-iii-la-vida-en-la-ciudad 
859 |a CEMS  |b BIB. CEMS - Depto. Recursos Didacticos  |h 301  |i ROU-1  |k DRD  |p 2638.16  |t Ej.1